LEADER 01736nam a2200385 a 4500
001 14154511
003 BD-DhAAL
008 090720s2008 sz uu s i0 0eng d
010 |a  2005238650 
020 |a 9789241563598 
020 |a 9789240682740 
040 |a IDeKN  |c IDeKN  |d ViU-H  |d InU  |d DLC  |d DNLM  |d NLGGC  |d DS  |d BD-DhAAL 
082 0 4 |a 614.4/2  |2 22  
245 0 0 |a World health statistics 2008 /  |c World Health Organization. 
246 1 3 |a World health statistics report 
260 |a Geneva, Switzerland :  |b World Health Organization,  |c c 2008. 
300 |a 110 pages :  |b illustrations ;  |c 30 cm. 
526 |x Salim khan Sr. program Associate James P. Grant School. Course name and no. N/A 
541 1 |a A H Development publishing house  |e 00018496 
650 1 2 |a World Health  |v Statistics.  |9 57946 
650 2 2 |a Vital Statistics  |9 57947 
650 2 2 |a Risk Factors  |v Statistics.  |9 57948 
650 2 2 |a Health Status Indicators  |v Statistics.  |9 57949 
650 0 |a Medical statistics  |v Periodicals.  |9 57950 
650 0 |a Vital statistics  |v Periodicals.  |9 57951 
650 0 |a Communicable diseases  |v Statistics  |v Periodicals.  |9 57952 
650 0 |a Medical personnel  |v Statistics  |v Periodicals.  |9 57953 
650 0 |a Hospitals  |v Statistics  |v Periodicals.  |9 57954 
650 1 7 |a Ziektecijfer.  |9 57955 
650 1 7 |a Sterfte.  |9 57956 
710 2 |a World Health Organization. 
852 4 |a School of Public Health   |j General Shelf. 
942 |2 ddc  |c BK 
999 |c 2574  |d 2574 
952 |0 0  |1 0  |2 ddc  |4 0  |6 614_420000000000000_WOR  |7 0  |9 2345  |a JPGSPH  |b JPGSPH  |d 2009-04-29  |e A H Development Publishing House.  |g 2500.00  |l 0  |o 614.42 WOR  |p 3060018496  |r 2009-07-21  |t 1  |w 2009-07-21  |y BK  |x Requisitioned by Salim khan, Sr. program Associate, James P. Grant School. Course name and no. N/A